=LDR 00000nam 2200000 4500 =001 INLIS000000000051763 =005 20201116115544 =035 ##$$a 0010-1217000003 =007 ta =008 201116################g##########0#ind## =082 ##$$a 320.1 =084 ##$$a 320.1 ILM i =245 ##$$a Ilmu negara umum /$c Prof. Mr. R. Kranenburg, Mr. Tk. B. Sabaroedin =260 ##$$a Jakarta :$b Pradnya Paramita,$c 1982 =300 ##$$a 279 hlm. ; $c 14,5x21 cm. =650 #4$$a Ilmu Negara =990 ##$$a 523/pb.86